Handbook of smart antennas for rfid systems (Record no. 585300)

000 -LEADER
fixed length control field 00628nam a22001817a 4500
003 - CONTROL NUMBER IDENTIFIER
control field CEME
005 - DATE AND TIME OF LATEST TRANSACTION
control field 20210628210642.0
008 - FIXED-LENGTH DATA ELEMENTS--GENERAL INFORMATION
fixed length control field 210105b xxu||||| |||| 00| 0 eng d
020 ## - INTERNATIONAL STANDARD BOOK NUMBER
International Standard Book Number 9780470387641
040 ## - CATALOGING SOURCE
Transcribing agency .
082 ## - DEWEY DECIMAL CLASSIFICATION NUMBER
Classification number 681.2 HAN
100 ## - MAIN ENTRY--PERSONAL NAME
Personal name Karmakar, Nemai Chandra
9 (RLIN) 80348
245 ## - TITLE STATEMENT
Title Handbook of smart antennas for rfid systems
260 ## - PUBLICATION, DISTRIBUTION, ETC.
Place of publication, distribution, etc. SINGAPORE
Name of publisher, distributor, etc. JOHN WILEY & SONS
Date of publication, distribution, etc. 2010
300 ## - PHYSICAL DESCRIPTION
Extent XXIII, 620P
650 ## - SUBJECT ADDED ENTRY--TOPICAL TERM
Topical term or geographic name entry element SMART ANTENNAS.PHASE ARAY ANTENNA-DESIGN AND CONSTRUCTION.ADAPTIVE ANTENNAS-DESIGN AND CONSTRUCTION.RADIO FREQUENCY IDENTIFICATION SYSTEMS-DESIGN AND CONSTRUCTION..
9 (RLIN) 80349
942 ## - ADDED ENTRY ELEMENTS (KOHA)
Koha item type Book
Source of classification or shelving scheme
Holdings
Withdrawn status Lost status Damaged status Not for loan Permanent Location Current Location Shelving location Date acquired Total Checkouts Full call number Barcode Date last seen Price effective from Koha item type
        College of Electrical & Mechanical Engineering (CEME) College of Electrical & Mechanical Engineering (CEME) General Stacks 03/09/2017   681.2 HAN CEME-47193 06/28/2021 06/28/2021 Book
        College of Electrical & Mechanical Engineering (CEME) College of Electrical & Mechanical Engineering (CEME) General Stacks 03/09/2017   681.2 HAN CEME-47194 06/28/2021 06/28/2021 Book
        College of Electrical & Mechanical Engineering (CEME) College of Electrical & Mechanical Engineering (CEME) General Stacks 03/09/2017   681.2 HAN CEME-47195 06/28/2021 06/28/2021 Book
© 2023 Central Library, National University of Sciences and Technology. All Rights Reserved.